Hauptstädte Europas und Asiens ohne U im Namen - Statistiken

Allgemein
  • Dieses Quiz wurde 76 mal gespielt
  • Das Durchschnittsergebnis liegt bei 48 aus 68
Antwortstatistiken
Hint Antwort % Korrekt
Berlin
100%
Europa Amsterdam
98%
Bern
96%
Oslo
96%
Paris
96%
Stockholm
96%
Wien
96%
Helsinki
95%
Prag
95%
Rom
93%
Madrid
91%
London
89%
Tokio
89%
Athen
88%
Kiew
88%
Lissabon
88%
Peking
88%
San Marino
88%
Zagreb
88%
Kopenhagen
86%
Reykjavik
86%
Sofia
86%
Tallinn
86%
Bratislava
84%
Monaco
82%
Riga
82%
Andorra la Vella
80%
Minsk
80%
Belgrad
79%
Tirana
79%
Pristina
77%
Teheran
75%
Pjöngjang
73%
Sarajevo
73%
Tiflis
73%
Valetta
73%
Vatikanstadt
73%
Ankara
71%
Bangkok
71%
Nikosia
71%
Podgorica
71%
Bagdad
70%
Riad
70%
Skopje
70%
Islamabad
68%
Jakarta
68%
Manila
68%
Taipeh
68%
Hanoi
66%
Jerewan
63%
Doha
61%
Astana
57%
Asien Amman
54%
Male
54%
Male
54%
Taschkent
48%
Phnom Penh
46%
Dili
43%
Asgabat
41%
Bischkek
41%
Sanaa
41%
Dhaka
39%
Maskat
39%
Vientiane
38%
Colombo
29%
Naypyidaw
27%
Bandar Seri Begawan
21%
Manamah
4%
Keine übereinstimmenden Quizze gefunden
Verteilung der Resultate
Anzahl Personen mit jedem Resultat
Perzentil nach korrekt beantworteten Fragen
Ihre Resultats-Entwicklung
Sie haben dieses Quiz noch nicht gespielt